Current picks for every NFL teams starting QB - Statistics

General Stats
  • This quiz has been taken 17 times
    2 since last reset
  • The average score is 15 of 32
Answer Stats
Team QB % Correct
Buccaneers Baker Mayfield
100%
49ers Brock Purdy
100%
Eagles Jalen Hurts
100%
Bills Josh Allen
100%
Steelers Aaron Rodgers
50%
Broncos Bo Nix
50%
Panthers Bryce Young
50%
Bears Caleb Williams
50%
Titans Cam Ward
50%
Texans CJ Stroud
50%
Cowboys Dak Prescott
50%
Colts Daniel Jones
50%
Patriots Drake Maye
50%
Jets Geno Smith
50%
Lions Jared Goff
50%
Commanders Jayden Daniels
50%
Bengals Joe Burrow
50%
Packers Jordan Love
50%
Vikings Kyler Murray
50%
Ravens Lamar Jackson
50%
Dolphins Malik Willis
50%
Rams Matthew Stafford
50%
Falcons Michael Penix
50%
Chiefs Patrick Mahomes
50%
Seahawks Sam Darnold
50%
Saints Tyler Shough
50%
Browns Deshaun Watson
0%
Raiders Fernando Mendoza
0%
Cardinals Jacoby Brissett
0%
Giants Jaxson Dart
0%
Chargers Justin Herbert
0%
Jaguars Trevor Lawrence
0%
No matching quizzes found
Score Distribution
Percent of People with Each Score
Percentile by Number Answered
Your Score History
You have not taken this quiz since the last reset